စစ်ကိုင်းမြို့ရာဇမဏိစူဠာ ကောင်းမှုတော်စေတီတော်ကြီး၏ သမိုင်း / (Record no. 26920)

000 -LEADER
fixed length control field 01207nam a22002057a 4500
005 - DATE AND TIME OF LATEST TRANSACTION
control field 20241011142940.0
008 - FIXED-LENGTH DATA ELEMENTS--GENERAL INFORMATION
fixed length control field 230707b ||||| |||| 00| 0 eng d
040 ## - CATALOGING SOURCE
Transcribing agency SSBUL
Modifying agency SSBUL
082 ## - DEWEY DECIMAL CLASSIFICATION NUMBER
Edition number 23
Classification number ၂၉၄.၃၄၃၅ စော
Item number ၁၅၁၄၈ (S-KM)
100 0# - MAIN ENTRY--PERSONAL NAME
Personal name စောမြင့်၊
Titles and words associated with a name ဦး။
9 (RLIN) 27588
245 10 - TITLE STATEMENT
Title စစ်ကိုင်းမြို့ရာဇမဏိစူဠာ ကောင်းမှုတော်စေတီတော်ကြီး၏ သမိုင်း /
Statement of responsibility, etc. ဦးစောမြင့်။
250 ## - EDITION STATEMENT
Edition statement တတိယအကြိမ်။
264 ## - PRODUCTION, PUBLICATION, DISTRIBUTION, MANUFACTURE, AND COPYRIGHT NOTICE
Place of production, publication, distribution, manufacture မန္တလေး ၊
Name of producer, publisher, distributor, manufacturer သုခဝတီပိဋကစာပုံနှိပ်တိုက် ၊
Date of production, publication, distribution, manufacture, or copyright notice ၁၉၉၅။
-- ၁၉၉၇။
300 ## - PHYSICAL DESCRIPTION
Extent ၉၆ စာမျက်နှာ၊
Other physical details ဓာတ်ပုံများ၊
Dimensions ၁၈ စင်တီ။
500 ## - GENERAL NOTE
General note S-KM: Ashin Khemacara (Hsipaw) <br/>S-SAT: Dr. Sai Aung Tun
650 ## - SUBJECT ADDED ENTRY--TOPICAL TERM
Topical term or geographic name entry element စေတီပုထိုး
General subdivision စစ်ကိုင်း။
9 (RLIN) 27589
Topical term or geographic name entry element ကောင်းမှုတော်စေတီ
General subdivision သမိုင်း။
9 (RLIN) 27590
Topical term or geographic name entry element ဘုရားသမိုင်း။
9 (RLIN) 8832
942 ## - ADDED ENTRY ELEMENTS (KOHA)
Source of classification or shelving scheme
Koha item type Book (Short term)
Holdings
Withdrawn status Lost status Source of classification or shelving scheme Damaged status Not for loan Collection code Permanent Location Current Location Shelving location Date acquired Total Checkouts Full call number Barcode Date last seen Price effective from Koha item type Accession
          Special Collections Shan State Buddhist University Library Shan State Buddhist University Library Special Collection Shelves 07/07/2023   ၂၉၄.၃၄၃၅ စော ၁၅၁၄၈ (S-KM) MB00015148 07/07/2023 07/07/2023 Book (Short term) ၁၅၁၄၈ (S-KM)
          Special Collections Shan State Buddhist University Library Shan State Buddhist University Library Special Collection Shelves 07/07/2023   ၂၉၄.၃၄၃၅ စော ၁၃၁၀၂(၂) S-SAT MB000013102 11/10/2024 07/07/2023 Book (Short term) ၁၃၁၀၂(၂) S-SAT
          Special Collections Shan State Buddhist University Library Shan State Buddhist University Library Special Collection Shelves 07/07/2023   ၂၉၄.၃၄၃၅ စော ၉၂၄၇ (၁) S-SAT MB00009247 11/10/2024 07/07/2023 Book (Short term) ၉၂၄၇ (၁) S-SAT

Library - 09407999929
Admin Office - 09407999979
Dean Office - 09250910768
Registrar Office - 09892297154
Email - [email protected]
Shan State Buddhist University, Phaya Phyu Taunggyi, Shan State, Myanmar.